000 00243nam a22001097a 4500
999 _c161052
_d161052
082 _a
_b
100 _aCoomaraswamy
245 _aEssense of the vedas/
_cby Coomaraswamy.
260 _aNew Delhi:
_bRadha,
_c1995.
650 _a
942 _cBK